00549 2200205 4500001002100000005001500021035002000036008004100056245004400097100001600141260004700157300003000204020002200234084001400256082000800270650002600278990001300304990001300317990001300330INLIS00000000000102420250210100521 a0010-0120001024250210 0 ind 1 aSurga Yang Tak Dirindukan /cAsma Nadia aNadia, Asma aDepok :bAsmanadia Publishing House,c2017 axii, 308 hlm. ;c20,5 cm. a978-602-9055-21-4 a813 NAD s a813 4aFiksi Remaja -- Novel a11900538 a11902044 a11903398